000 00477nam a2200145Ia 4500
008 211122s9999||||xx |||||||||||||| ||und||
082 _a333.714
_bDEV-J
100 _aDevotta, Sukumar
245 0 _aJournal of Environmental Science & Engineering
260 _bNational Environmental Engineering Research Institute
_aNagpur
_c2005
300 _a163
630 _xPost Graduate Reference
650 _aSocial Sciences
_vEconomicsEconomics of land & energyBotany
942 _cBOOK
999 _c132934
_d132934